MARC details
| 000 -CABECERA |
| campo de control de longitud fija |
00895nam a2200241 a 4500 |
| 001 - NÚMERO DE CONTROL |
| campo de control |
000034725 |
| 005 - FECHA Y HORA DE LA ÚLTIMA TRANSACCIÓN |
| campo de control |
20240529114208.0 |
| 008 - DATOS DE LONGITUD FIJA--INFORMACIÓN GENERAL |
| campo de control de longitud fija |
111019s1963 mx a 000 0 spa d |
| 040 ## - FUENTE DE LA CATALOGACIÓN |
| Centro catalogador/agencia de origen |
DO-SdBNP |
| Lengua de catalogación |
spa |
| Centro/agencia transcriptor |
BNPHU |
| 100 1# - ENTRADA PRINCIPAL--NOMBRE DE PERSONA |
| Nombre de persona |
Talbot Rice, David, |
| Fechas asociadas al nombre |
1903-1972 |
| 9 (RLIN) |
60185 |
| 245 10 - MENCIÓN DE TÍTULO |
| Título |
Frescos medievales yugoeslavos / |
| Mención de responsabilidad, etc. |
texto David Talbot Rice. |
| 260 ## - PUBLICACIÓN, DISTRIBUCIÓN, ETC. |
| Lugar de publicación, distribución, etc. |
México : |
| Nombre del editor, distribuidor, etc. |
Hermes, |
| Fecha de publicación, distribución, etc. |
1963. |
| Lugar de fabricación/manufactura |
Milano, Italia |
| Fabricante |
Amilcare Pizzi |
| 300 ## - DESCRIPCIÓN FÍSICA |
| Extensión |
24 p., 28 h. : |
| Otras características físicas |
il., láms., retrs. ; |
| Dimensiones |
17 cm. |
| 490 0# - MENCIÓN DE SERIE |
| Mención de serie |
UNESCO-Hermes bolsilibros de arte |
| Designación de volumen o secuencia |
6 |
| 500 ## - NOTA GENERAL |
| Nota general |
Incluye índice de láminas |
| 504 ## - NOTA DE BIBLIOGRAFÍA, ETC. |
| Nota de bibliografía, etc. |
Bibliografía al final de las láminas s. |
| 650 24 - PUNTO DE ACCESO ADICIONAL DE MATERIA--TÉRMINO DE MATERIA |
| Término de materia o nombre geográfico como elemento de entrada |
Pintura religiosa |
| Subdivisión geográfica |
Yugoslavia |
| Subdivisión cronológica |
SIGLO XIX |
| 9 (RLIN) |
60186 |
| 650 24 - PUNTO DE ACCESO ADICIONAL DE MATERIA--TÉRMINO DE MATERIA |
| Término de materia o nombre geográfico como elemento de entrada |
Murales bizantinos |
| 9 (RLIN) |
60187 |
| 650 24 - PUNTO DE ACCESO ADICIONAL DE MATERIA--TÉRMINO DE MATERIA |
| Término de materia o nombre geográfico como elemento de entrada |
Decoración bizantina |
| 9 (RLIN) |
60188 |
| 650 24 - PUNTO DE ACCESO ADICIONAL DE MATERIA--TÉRMINO DE MATERIA |
| Término de materia o nombre geográfico como elemento de entrada |
Pintura servia |
| 9 (RLIN) |
60189 |
| 710 22 - PUNTO DE ACCESO ADICIONAL--NOMBRE DE ENTIDAD CORPORATIVA |
| Nombre de entidad corporativa o nombre de jurisdicción como elemento de entrada |
Unesco |
| 9 (RLIN) |
19805 |
| 830 #0 - PUNTO DE ACCESO ADICIONAL DE SERIE-TÍTULO UNIFORME |
| Título uniforme |
Unesco-Hermes bolsilibros de arte |
| Número de parte o sección de la obra |
6 |
| 9 (RLIN) |
60190 |